<?xml version="1.0" encoding="UTF-8"?>
<record
    xmlns:xsi="http://www.w3.org/2001/XMLSchema-instance"
    xsi:schemaLocation="http://www.loc.gov/MARC21/slim http://www.loc.gov/standards/marcxml/schema/MARC21slim.xsd"
    xmlns="http://www.loc.gov/MARC21/slim">

  <leader>01081nam a22002537a 4500</leader>
  <controlfield tag="005">20170707112916.0</controlfield>
  <datafield tag="010" ind1=" " ind2=" ">
    <subfield code="a">1617EN</subfield>
  </datafield>
  <datafield tag="020" ind1=" " ind2=" ">
    <subfield code="a">9788131531686</subfield>
    <subfield code="c">850.00</subfield>
  </datafield>
  <datafield tag="035" ind1=" " ind2=" ">
    <subfield code="a">B-654230-241</subfield>
  </datafield>
  <datafield tag="035" ind1=" " ind2=" ">
    <subfield code="a">B-667882</subfield>
  </datafield>
  <datafield tag="037" ind1=" " ind2=" ">
    <subfield code="a">dpl </subfield>
    <subfield code="b">Techniz</subfield>
  </datafield>
  <datafield tag="082" ind1=" " ind2=" ">
    <subfield code="a">005.54</subfield>
  </datafield>
  <datafield tag="100" ind1=" " ind2=" ">
    <subfield code="a">Freund, Steven M. </subfield>
  </datafield>
  <datafield tag="245" ind1=" " ind2=" ">
    <subfield code="a">Microsoft excel 2013 :</subfield>
    <subfield code="c">by Steven M. Freund, Mali B. Jones [and] Joy L. Starks </subfield>
    <subfield code="b">comprehensive / </subfield>
  </datafield>
  <datafield tag="260" ind1=" " ind2=" ">
    <subfield code="a">Delhi</subfield>
    <subfield code="b">Cengage Learning</subfield>
    <subfield code="c">2016 (repr.)</subfield>
  </datafield>
  <datafield tag="270" ind1=" " ind2=" ">
    <subfield code="a">418,F.I.E.Patparganj</subfield>
    <subfield code="b"> Delhi </subfield>
    <subfield code="e">110092</subfield>
    <subfield code="l">-</subfield>
    <subfield code="m">-</subfield>
  </datafield>
  <datafield tag="300" ind1=" " ind2=" ">
    <subfield code="a">various pagings </subfield>
    <subfield code="c">27cm(pbk)</subfield>
  </datafield>
  <datafield tag="500" ind1=" " ind2=" ">
    <subfield code="a">Includes index </subfield>
  </datafield>
  <datafield tag="700" ind1=" " ind2=" ">
    <subfield code="a">Jones, Mali B. </subfield>
  </datafield>
  <datafield tag="700" ind1=" " ind2=" ">
    <subfield code="a">Starks, Joy L. </subfield>
  </datafield>
  <datafield tag="942" ind1=" " ind2=" ">
    <subfield code="2">ddc</subfield>
    <subfield code="c">EN</subfield>
    <subfield code="m">FRE</subfield>
    <subfield code="h">005.54</subfield>
  </datafield>
  <datafield tag="999" ind1=" " ind2=" ">
    <subfield code="c">102109</subfield>
    <subfield code="d">102109</subfield>
  </datafield>
  <datafield tag="952" ind1=" " ind2=" ">
    <subfield code="0">0</subfield>
    <subfield code="1">0</subfield>
    <subfield code="4">0</subfield>
    <subfield code="7">0</subfield>
    <subfield code="8">NFIC</subfield>
    <subfield code="a">L</subfield>
    <subfield code="b">L</subfield>
    <subfield code="d">2017-02-21</subfield>
    <subfield code="e">BPPD/EN/2016-17/306/24.11.2016/TZ16932/5.12.2016/4.1.2017</subfield>
    <subfield code="g">850.00</subfield>
    <subfield code="l">37</subfield>
    <subfield code="m">22</subfield>
    <subfield code="o">005.54 FRE</subfield>
    <subfield code="p">B-654230</subfield>
    <subfield code="r">2025-02-12 00:00:00</subfield>
    <subfield code="s">2025-01-04</subfield>
    <subfield code="t">1</subfield>
    <subfield code="v">850.00</subfield>
    <subfield code="w">2017-02-21</subfield>
    <subfield code="y">EN</subfield>
  </datafield>
  <datafield tag="952" ind1=" " ind2=" ">
    <subfield code="0">0</subfield>
    <subfield code="1">0</subfield>
    <subfield code="4">0</subfield>
    <subfield code="7">0</subfield>
    <subfield code="8">NFIC</subfield>
    <subfield code="a">NPL</subfield>
    <subfield code="b">NPL</subfield>
    <subfield code="d">2017-02-21</subfield>
    <subfield code="e">BPPD/EN/2016-17/306/24.11.2016/TZ16932/5.12.2016/4.1.2017</subfield>
    <subfield code="g">850.00</subfield>
    <subfield code="l">0</subfield>
    <subfield code="o">005.54 FRE</subfield>
    <subfield code="p">B-654231</subfield>
    <subfield code="r">2017-02-21 00:00:00</subfield>
    <subfield code="t">1</subfield>
    <subfield code="v">850.00</subfield>
    <subfield code="y">EN</subfield>
  </datafield>
  <datafield tag="952" ind1=" " ind2=" ">
    <subfield code="0">0</subfield>
    <subfield code="1">0</subfield>
    <subfield code="4">0</subfield>
    <subfield code="7">0</subfield>
    <subfield code="8">NFIC</subfield>
    <subfield code="a">BL1</subfield>
    <subfield code="b">BL1</subfield>
    <subfield code="d">2017-02-21</subfield>
    <subfield code="e">BPPD/EN/2016-17/306/24.11.2016/TZ16932/5.12.2016/4.1.2017</subfield>
    <subfield code="g">850.00</subfield>
    <subfield code="l">33</subfield>
    <subfield code="m">37</subfield>
    <subfield code="o">005.54 FRE</subfield>
    <subfield code="p">B-654232</subfield>
    <subfield code="q">2026-07-08</subfield>
    <subfield code="r">2026-06-24 14:37:04</subfield>
    <subfield code="s">2026-06-24</subfield>
    <subfield code="t">1</subfield>
    <subfield code="v">850.00</subfield>
    <subfield code="y">EN</subfield>
  </datafield>
  <datafield tag="952" ind1=" " ind2=" ">
    <subfield code="0">0</subfield>
    <subfield code="1">0</subfield>
    <subfield code="4">0</subfield>
    <subfield code="7">0</subfield>
    <subfield code="8">NFIC</subfield>
    <subfield code="a">KGM</subfield>
    <subfield code="b">KGM</subfield>
    <subfield code="d">2017-02-21</subfield>
    <subfield code="e">BPPD/EN/2016-17/306/24.11.2016/TZ16932/5.12.2016/4.1.2017</subfield>
    <subfield code="g">850.00</subfield>
    <subfield code="l">21</subfield>
    <subfield code="m">38</subfield>
    <subfield code="o">005.54 FRE</subfield>
    <subfield code="p">B-654233</subfield>
    <subfield code="r">2023-11-17 00:00:00</subfield>
    <subfield code="s">2023-11-14</subfield>
    <subfield code="t">1</subfield>
    <subfield code="v">850.00</subfield>
    <subfield code="y">EN</subfield>
  </datafield>
  <datafield tag="952" ind1=" " ind2=" ">
    <subfield code="0">0</subfield>
    <subfield code="1">0</subfield>
    <subfield code="4">0</subfield>
    <subfield code="7">0</subfield>
    <subfield code="8">NFIC</subfield>
    <subfield code="a">PR</subfield>
    <subfield code="b">PR</subfield>
    <subfield code="d">2017-02-21</subfield>
    <subfield code="e">BPPD/EN/2016-17/306/24.11.2016/TZ16932/5.12.2016/4.1.2017</subfield>
    <subfield code="g">850.00</subfield>
    <subfield code="l">4</subfield>
    <subfield code="o">005.54 FRE</subfield>
    <subfield code="p">B-654234</subfield>
    <subfield code="r">2023-10-20 00:00:00</subfield>
    <subfield code="s">2023-10-06</subfield>
    <subfield code="t">1</subfield>
    <subfield code="v">850.00</subfield>
    <subfield code="y">EN</subfield>
  </datafield>
  <datafield tag="952" ind1=" " ind2=" ">
    <subfield code="0">0</subfield>
    <subfield code="1">0</subfield>
    <subfield code="4">0</subfield>
    <subfield code="7">0</subfield>
    <subfield code="8">NFIC</subfield>
    <subfield code="a">TN</subfield>
    <subfield code="b">TN</subfield>
    <subfield code="d">2017-02-21</subfield>
    <subfield code="e">BPPD/EN/2016-17/306/24.11.2016/TZ16932/5.12.2016/4.1.2017</subfield>
    <subfield code="g">850.00</subfield>
    <subfield code="l">2</subfield>
    <subfield code="m">1</subfield>
    <subfield code="o">005.54 FRE</subfield>
    <subfield code="p">B-654235</subfield>
    <subfield code="r">2025-06-02 00:00:00</subfield>
    <subfield code="s">2025-05-05</subfield>
    <subfield code="t">1</subfield>
    <subfield code="v">850.00</subfield>
    <subfield code="y">EN</subfield>
  </datafield>
  <datafield tag="952" ind1=" " ind2=" ">
    <subfield code="0">0</subfield>
    <subfield code="1">0</subfield>
    <subfield code="4">0</subfield>
    <subfield code="7">0</subfield>
    <subfield code="8">NFIC</subfield>
    <subfield code="a">JP</subfield>
    <subfield code="b">JP</subfield>
    <subfield code="d">2017-02-21</subfield>
    <subfield code="e">BPPD/EN/2016-17/306/24.11.2016/TZ16932/5.12.2016/4.1.2017</subfield>
    <subfield code="g">850.00</subfield>
    <subfield code="l">28</subfield>
    <subfield code="m">3</subfield>
    <subfield code="o">005.54 FRE</subfield>
    <subfield code="p">B-654236</subfield>
    <subfield code="r">2024-10-24 00:00:00</subfield>
    <subfield code="s">2024-10-05</subfield>
    <subfield code="t">1</subfield>
    <subfield code="v">850.00</subfield>
    <subfield code="y">EN</subfield>
  </datafield>
  <datafield tag="952" ind1=" " ind2=" ">
    <subfield code="0">0</subfield>
    <subfield code="1">0</subfield>
    <subfield code="4">0</subfield>
    <subfield code="7">0</subfield>
    <subfield code="8">NFIC</subfield>
    <subfield code="a">ZLS</subfield>
    <subfield code="b">ZLS</subfield>
    <subfield code="d">2017-02-21</subfield>
    <subfield code="e">BPPD/EN/2016-17/306/24.11.2016/TZ16932/5.12.2016/4.1.2017</subfield>
    <subfield code="g">850.00</subfield>
    <subfield code="l">11</subfield>
    <subfield code="m">11</subfield>
    <subfield code="o">005.54 FRE</subfield>
    <subfield code="p">B-654237</subfield>
    <subfield code="r">2023-12-26 00:00:00</subfield>
    <subfield code="s">2023-11-28</subfield>
    <subfield code="t">1</subfield>
    <subfield code="v">850.00</subfield>
    <subfield code="y">EN</subfield>
  </datafield>
  <datafield tag="952" ind1=" " ind2=" ">
    <subfield code="0">0</subfield>
    <subfield code="1">0</subfield>
    <subfield code="4">0</subfield>
    <subfield code="7">0</subfield>
    <subfield code="8">NFIC</subfield>
    <subfield code="a">RKP</subfield>
    <subfield code="b">RKP</subfield>
    <subfield code="d">2017-02-21</subfield>
    <subfield code="e">BPPD/EN/2016-17/306/24.11.2016/TZ16932/5.12.2016/4.1.2017</subfield>
    <subfield code="g">850.00</subfield>
    <subfield code="l">8</subfield>
    <subfield code="m">5</subfield>
    <subfield code="o">005.54 FRE</subfield>
    <subfield code="p">B-654238</subfield>
    <subfield code="r">2024-07-26 00:00:00</subfield>
    <subfield code="s">2024-07-12</subfield>
    <subfield code="t">1</subfield>
    <subfield code="v">850.00</subfield>
    <subfield code="y">EN</subfield>
  </datafield>
  <datafield tag="952" ind1=" " ind2=" ">
    <subfield code="0">0</subfield>
    <subfield code="1">0</subfield>
    <subfield code="4">0</subfield>
    <subfield code="7">0</subfield>
    <subfield code="8">NFIC</subfield>
    <subfield code="a">BN</subfield>
    <subfield code="b">BN</subfield>
    <subfield code="d">2017-02-21</subfield>
    <subfield code="e">BPPD/EN/2016-17/306/24.11.2016/TZ16932/5.12.2016/4.1.2017</subfield>
    <subfield code="g">850.00</subfield>
    <subfield code="l">2</subfield>
    <subfield code="m">0</subfield>
    <subfield code="o">005.54 FRE</subfield>
    <subfield code="p">B-654239</subfield>
    <subfield code="r">2024-07-15 00:00:00</subfield>
    <subfield code="s">2024-07-12</subfield>
    <subfield code="t">1</subfield>
    <subfield code="v">850.00</subfield>
    <subfield code="y">EN</subfield>
  </datafield>
  <datafield tag="952" ind1=" " ind2=" ">
    <subfield code="0">0</subfield>
    <subfield code="1">0</subfield>
    <subfield code="4">0</subfield>
    <subfield code="7">0</subfield>
    <subfield code="8">NFIC</subfield>
    <subfield code="a">BL4</subfield>
    <subfield code="b">BL4</subfield>
    <subfield code="d">2017-02-21</subfield>
    <subfield code="e">BPPD/EN/2016-17/306/24.11.2016/TZ16932/5.12.2016/4.1.2017</subfield>
    <subfield code="g">850.00</subfield>
    <subfield code="l">22</subfield>
    <subfield code="m">8</subfield>
    <subfield code="o">005.54 FRE</subfield>
    <subfield code="p">B-654240</subfield>
    <subfield code="r">2025-12-18 00:00:00</subfield>
    <subfield code="s">2025-12-06</subfield>
    <subfield code="t">1</subfield>
    <subfield code="v">850.00</subfield>
    <subfield code="y">EN</subfield>
  </datafield>
  <datafield tag="952" ind1=" " ind2=" ">
    <subfield code="0">0</subfield>
    <subfield code="1">0</subfield>
    <subfield code="4">0</subfield>
    <subfield code="7">0</subfield>
    <subfield code="8">NFIC</subfield>
    <subfield code="a">YV</subfield>
    <subfield code="b">YV</subfield>
    <subfield code="d">2017-02-21</subfield>
    <subfield code="e">BPPD/EN/2016-17/306/24.11.2016/TZ16932/5.12.2016/4.1.2017</subfield>
    <subfield code="g">850.00</subfield>
    <subfield code="l">5</subfield>
    <subfield code="m">5</subfield>
    <subfield code="o">005.54 FRE</subfield>
    <subfield code="p">B-654241</subfield>
    <subfield code="r">2024-03-01 00:00:00</subfield>
    <subfield code="s">2024-02-08</subfield>
    <subfield code="t">1</subfield>
    <subfield code="v">850.00</subfield>
    <subfield code="y">EN</subfield>
  </datafield>
  <datafield tag="952" ind1=" " ind2=" ">
    <subfield code="0">0</subfield>
    <subfield code="1">0</subfield>
    <subfield code="4">0</subfield>
    <subfield code="7">0</subfield>
    <subfield code="8">NFIC</subfield>
    <subfield code="a">BL1</subfield>
    <subfield code="b">BL1</subfield>
    <subfield code="d">2017-07-07</subfield>
    <subfield code="e">BPPD/EN/2016-17/AV/16-17/472/15.02.2017/TZ17430/24.02.2017/18.03.2017</subfield>
    <subfield code="g">850.00</subfield>
    <subfield code="l">16</subfield>
    <subfield code="m">22</subfield>
    <subfield code="o">005.54 FRE</subfield>
    <subfield code="p">B-667882</subfield>
    <subfield code="r">2025-02-04 00:00:00</subfield>
    <subfield code="s">2024-12-13</subfield>
    <subfield code="t">1</subfield>
    <subfield code="v">850.00</subfield>
    <subfield code="w">2017-07-07</subfield>
    <subfield code="y">EN</subfield>
  </datafield>
</record>
